000 00488nam a2200181Ia 4500
005 20250423101631.0
008 250422s9999 xx 000 0 und d
020 _a9783031364365
050 _aHD 87 .A281 .M68/
100 _aMourmouras, Alexandros
245 0 _aUS Economic policy in the 21st century
260 _aWashington
260 _bSptinger
260 _c2023
300 _aviii, 143p.: ill.
650 _aEconomic policy. Economic history--21st century.
942 _cBK
999 _c36822
_d36822